Olejárova encyklopédia matematiky [základné pojmy v abecedne usporiadaných heslách : viac ako 1050 hesiel]

Podrobná bibliografia
Hlavní autori: Olejár, Marián (Autor), Olejárová, Iveta (Autor), Olejár, Marián ml (Autor)
Médium: Kniha
Jazyk:slovenčina
Fyzický popis:269 s. sch. 21 cm
Vydavateľské údaje: Bratislava Young Scientist 2006
ISBN:8088792436
Vydanie:[1. vyd.]
Predmet:

MARC

LEADER 00000nam a2200000 a 4500
001 vtls008988873
003 SK-MaSNL
005 20260301124912.0
008 240314s2006 xo l 001 0 slo
015 |a SNBA2007/08-03910 
020 |a 8088792436  |q (brož.) 
035 |a FE356423-C38A-4F49-9320-A8FCF679B00E 
035 |a urn:nbn:sk:snk-amlea5 
035 |a urn:nbn:sk:snk-am008z6e 
040 |a SNK  |b slo  |c SNK  |e AACR2 
041 0 |a slo 
044 |a xo  |c SK 
072 7 |a 51  |x Matematika  |2 konspekt 
080 |a 51  |2 2001 
080 |a (035)  |2 2001 
100 1 |a Olejár, Marián  |4 aut  |9 5568 
245 1 0 |a Olejárova encyklopédia matematiky  |b [základné pojmy v abecedne usporiadaných heslách : viac ako 1050 hesiel]  |c Marián Olejár, Iveta Olejárová, Marián Olejár, Jr. 
250 |a [1. vyd.] 
260 |a Bratislava  |b Young Scientist  |c 2006 
300 |a 269 s.  |b sch.  |c 21 cm 
504 |a Reg. Matematické značky 
650 0 7 |a matematika  |2 SNKPH  |9 70174 
650 0 7 |a Mathematics  |2 SNKPHeng  |9 265620 
655 7 |a príručky  |2 SNKPH  |9 74364 
655 7 |a Handbooks, manuals, etc.  |2 SNKPHeng  |9 90964 
700 1 |a Olejárová, Iveta  |4 aut  |9 5567 
700 1 |a Olejár, Marián  |c ml.  |4 aut  |9 46056 
919 |a 80-88792-43-6 
968 |d 51 
999 |c 740839  |d 742769 
952 |a SNK  |b SNK  |y PREZ  |7 0  |p 17A0552000  |o snkSC 127883  |i snk2007/12506  |8 0  |0 0  |1 0  |4 0  |d 2007-05-14  |f 1  |l 0  |r 2025-06-17 00:00:00  |w 2026-02-23 
952 |a SNK  |b SNK  |y VYP  |7 0  |p 17A0551999  |o snkSC 127883 D1  |i snk2007/12507  |8 0  |0 0  |1 0  |4 0  |d 2007-05-14  |l 0  |r 2026-02-23 22:58:33  |w 2026-02-23